The Journal of the Institute of Quantity Surveyors (Record no. 119085)

MARC details
000 -LEADER
fixed length control field 00612cas a22001935a 4500
001 - CONTROL NUMBER
control field L139403
008 - FIXED-LENGTH DATA ELEMENTS--GENERAL INFORMATION
fixed length control field 070726d19441956xxkbr p 0 a0eng u
035 ## - SYSTEM CONTROL NUMBER
System control number (Sirsi) u139403
041 0# - LANGUAGE CODE
Language code of text/sound track or separate title eng
110 2# - MAIN ENTRY--CORPORATE NAME
Corporate name or jurisdiction name as entry element Institute of Quantity Surveyors
9 (RLIN) 2491
245 04 - TITLE STATEMENT
Title The Journal of the Institute of Quantity Surveyors
260 ## - PUBLICATION, DISTRIBUTION, ETC.
Place of publication, distribution, etc. London
Name of publisher, distributor, etc. IQS
Date of publication, distribution, etc. 1944-1956
362 0# - DATES OF PUBLICATION AND/OR SEQUENTIAL DESIGNATION
Dates of publication and/or sequential designation 10(1) July/August 1953-12(6) May/June 1956
554 ## -
-- Six per year
651 #4 - SUBJECT ADDED ENTRY--GEOGRAPHIC NAME
Geographic name United Kingdom
Chronological subdivision
690 ## - LOCAL SUBJECT ADDED ENTRY--TOPICAL TERM (OCLC, RLIN)
Topical term or geographic name as entry element Quantity surveying
9 (RLIN) 6263
785 00 - SUCCEEDING ENTRY
Title The Quantity Surveyor
Edition The Journal of the Institute of Quantity Surveyors
942 ## - ADDED ENTRY ELEMENTS (KOHA)
Suppress in OPAC 0
Holdings
Withdrawn status Lost status Source of classification or shelving scheme Damaged status Not for loan Home library Current library Shelving location Date acquired Total Checkouts Full call number Barcode Date last seen Price effective from Koha item type
    Dewey Decimal Classification     London London Basement 26/07/2007   QUANTITY SURVEYOR 139403-1001 06/08/2019 06/08/2019 Journal